000
00297nam a22001217a 4500
008
180806b xxu||||| |||| 00| 0 eng d
041
_a
eng
080
_a
616-053.2
100
_a
8
101
_a
PED
245
_a
2006 Report of the committe on infectious disease
_c
Pickering,L.K
942
_2
udc
_c
BK
999
_c
46879
_d
46879